[Event "24e tournoi de Noël"]
[Site "Montigny le Bretonneux"]
[Date "2025.12.28"]
[Round "3.7"]
[White "Imbert, Christophe"]
[Black "Corbillet, Mathieu"]
[Result "1/2-1/2"]
[WhiteElo "1924"]
[BlackElo "1679"]
[Annotator "Rivier,Sylvain"]
[PlyCount "146"]
[EventDate "2025.??.??"]
[WhiteTeam "Club d'Echecs du Vesinet"]
[BlackTeam "La Dame Noire"]

{Partie espagnole, variante d'échange} 1. e4 e5 2. Nf3 Nc6 3. Bb5 a6 4. Bxc6
dxc6 5. O-O Bd6 6. d4 Bg4 7. dxe5 Bxf3 8. Qxf3 Bxe5 9. Nd2 Ne7 10. Nc4 Ng6 11.
Nxe5 Nxe5 12. Qg3 Ng6 13. f4 Qd6 14. Be3 O-O-O 15. e5 Qd5 16. Qf3 Qxf3 17. Rxf3
Nh4 18. Rff1 Nf5 19. Kf2 Rd5 20. g4 Nxe3 21. Kxe3 Rhd8 22. Rae1 b5 23. Re2 a5
24. Kf3 Kd7 25. c4 bxc4 26. Rc1 Ke7 27. Rxc4 Rd3+ 28. Kf2 R8d4 29. Rxd4 Rxd4
30. Ke3 Rd5 31. Ke4 Rb5 32. a3 g6 33. Rc2 Kd7 34. f5 Rb3 35. Kf4 gxf5 36. gxf5
h6 37. Kg4 Re3 38. Kf4 Re1 39. Rc5 a4 40. Ra5 Re2 41. h4 Rh2 42. Kg4 Rxb2 43.
Rxa4 Re2 44. Kf4 Rh2 45. Kf3 Rh1 46. Rd4+ Ke7 47. a4 Rf1+ 48. Kg4 Re1 49. Kh5
Rxe5 50. Rf4 Kf6 51. Kxh6 Re8 52. Kh7 Re1 53. Rc4 Kxf5 54. h5 Re6 55. Kg7 Kg5
56. Rc5+ f5 57. a5 Rg6+ 58. Kf7 Rf6+ 59. Ke7 Rh6 60. a6 Rxh5 61. Rxc6 Kg4 62.
Rg6+ Kf3 63. a7 Rh8 64. Rf6 Ra8 65. Rxf5+ Ke4 66. Ra5 c5 67. Kd6 Kd4 68. Kc6 c4
69. Rd5+ Ke4 70. Rd7 Rxa7 71. Rxa7 Kd3 72. Kb5 c3 73. Kb4 c2 1/2-1/2

[Event "24e tournoi de Noël"]
[Site "Montigny le Bretonneux"]
[Date "2025.12.28"]
[Round "3.8"]
[White "Gauthier, Laurent"]
[Black "Couradin, Jean-Marie"]
[Result "1/2-1/2"]
[WhiteElo "1804"]
[BlackElo "1628"]
[Annotator "Rivier,Sylvain"]
[PlyCount "112"]
[EventDate "2025.??.??"]
[WhiteTeam "Les Tours d'Angoulême"]
[BlackTeam "La Dame Noire"]

{Défense Philidor} 1. e4 d6 2. Nf3 Nd7 3. d4 Ngf6 4. Nc3 e5 5. Bc4 Be7 6. O-O
O-O 7. h3 c6 8. Be3 Qc7 9. Qd2 Re8 10. Ng5 Rf8 11. f4 h6 12. Nf3 b5 13. Bd3 Re8
14. Rad1 Bf8 15. a3 a5 16. fxe5 dxe5 17. Qf2 b4 18. axb4 axb4 19. Ne2 Ba6 20.
Nxe5 Nxe5 21. dxe5 Nh7 22. Kh1 c5 23. Bxa6 Rxa6 24. Rd5 Ng5 25. Ng3 Ne6 26. Nh5
Rea8 27. Qg3 Kh8 28. Qf3 R8a7 29. Qg4 Ra1 30. Rfd1 Rxd1+ 31. Qxd1 Be7 32. Qf3
Bg5 33. Bxg5 Nxg5 34. Qf5 Ne6 35. Rd6 Qe7 36. Rc6 g6 37. Qf6+ Qxf6 38. Nxf6 Rc7
39. Rb6 Rc8 40. Rb7 Kg7 41. Re7 Kf8 42. Rd7 Rd8 43. Rxd8+ Nxd8 44. Nd7+ Ke7 45.
Nxc5 Nc6 46. Nd3 Ke6 47. Kh2 b3 48. Nc5+ Kxe5 49. Nxb3 Kxe4 50. Kg3 Nb4 51. c3
Nd3 52. Nd2+ Kd5 53. Kf3 Nxb2 54. Kf4 f5 55. g3 Nd3+ 56. Ke3 Ne5 1/2-1/2

[Event "24e tournoi de Noël"]
[Site "Montigny le Bretonneux"]
[Date "2025.12.28"]
[Round "3.9"]
[White "Neveu, Raphael"]
[Black "Foveau, Guillaume"]
[Result "1-0"]
[WhiteElo "1785"]
[BlackElo "1598"]
[Annotator "Rivier,Sylvain"]
[PlyCount "87"]
[EventDate "2025.??.??"]
[WhiteTeam "La Dame Noire"]
[BlackTeam "La Dame Noire"]

{Défense sicilienne} 1. e4 e6 2. c4 c5 3. Nc3 Nc6 4. Nf3 Qc7 5. Be2 Nd4 6.
Nxd4 cxd4 7. Nb5 Qb6 8. a4 a6 9. a5 Qd8 10. Nxd4 Bb4 11. Nb3 Ne7 12. O-O Nc6
13. d4 Nxa5 14. Bf4 Nxb3 15. Qxb3 Be7 16. Qg3 Kf8 17. c5 Bh4 18. Bd6+ Kg8 19.
Qh3 Bf6 20. e5 Be7 21. f4 Bxd6 22. cxd6 h6 23. Rfc1 g6 24. Rc7 Kg7 25. b4 b6
26. Qf3 Rb8 27. Bxa6 Bxa6 28. Rxa6 Qh4 29. g3 Qh5 30. Qxh5 gxh5 31. Rxd7 Kg6
32. Kf2 f6 33. Kf3 f5 34. h4 Rh7 35. Rxh7 Kxh7 36. Ra7+ Kg8 37. Ke3 Rc8 38. Rc7
Rd8 39. Kd3 Kf8 40. Kc4 Ra8 41. Re7 Rd8 42. Rxe6 Kf7 43. Rf6+ Ke8 44. Rxh6 1-0

[Event "24e tournoi de Noël"]
[Site "Montigny le Bretonneux"]
[Date "2025.12.28"]
[Round "3.10"]
[White "Meddour, Ithri"]
[Black "Payot, Guillaume"]
[Result "0-1"]
[WhiteElo "1645"]
[BlackElo "1781"]
[Annotator "Rivier,Sylvain"]
[PlyCount "39"]
[EventDate "2025.??.??"]
[WhiteTeam "Saint-Quentin en Yvelines"]
[BlackTeam "CE Le Roi Soleil - Le Chesnay - Versailles"]

{Défense française} 1. e4 e6 2. d3 d5 3. Nd2 c5 4. c3 Nc6 5. Qe2 Be7 6. g3 b6
7. Bg2 Bb7 8. f4 Nf6 9. e5 Nd7 10. Ngf3 Qc7 11. O-O h6 12. Re1 O-O-O 13. a3 g5
14. Nf1 Rhg8 15. b4 Rde8 16. f5 g4 17. fxe6 fxe6 18. Nh4 Bxh4 19. gxh4 Ndxe5
20. Qe3 0-1

[Event "24e tournoi de Noël"]
[Site "Montigny le Bretonneux"]
[Date "2025.12.28"]
[Round "3.11"]
[White "Salagnac, Sowan"]
[Black "Garabedian, Christophe"]
[Result "1-0"]
[WhiteElo "1775"]
[BlackElo "1399"]
[Annotator "Rivier,Sylvain"]
[PlyCount "41"]
[EventDate "2025.??.??"]
[WhiteTeam "Saint-Quentin en Yvelines"]
[BlackTeam "La Dame Noire"]

{Défense moderne} 1. e4 d6 2. d4 g6 3. Nf3 Bg7 4. Bc4 a6 5. O-O b5 6. Bb3 e6
7. Bg5 Nf6 8. Nbd2 O-O 9. e5 Bb7 10. exf6 Bxf6 11. Bxf6 Qxf6 12. Re1 Re8 13.
Ne4 Qg7 14. Qd2 Nd7 15. Re3 e5 16. dxe5 Nxe5 17. Nxe5 Rxe5 18. Rae1 Rae8 19.
Nc3 Qf6 20. Nd5 Qg5 21. f4 1-0

[Event "24e tournoi de Noël"]
[Site "Montigny le Bretonneux"]
[Date "2025.12.28"]
[Round "3.12"]
[White "Julien, Emilie"]
[Black "Corbeau, Lou"]
[Result "0-1"]
[WhiteElo "1625"]
[BlackElo "1750"]
[Annotator "Rivier,Sylvain"]
[PlyCount "67"]
[EventDate "2025.??.??"]
[WhiteTeam "La Dame Noire"]
[BlackTeam "C'Chartres Echecs"]

{Défense française} 1. e4 e6 2. Nc3 d5 3. d3 dxe4 4. dxe4 Qxd1+ 5. Nxd1 Nf6
6. Bd3 Nbd7 7. Bd2 Nc5 8. Nc3 Nxd3+ 9. cxd3 a6 10. Nf3 Be7 11. O-O O-O 12. Bg5
h6 13. Bh4 Bc5 14. d4 Ba7 15. e5 Nd7 16. Rac1 c6 17. Ne4 g5 18. Nexg5 hxg5 19.
Bxg5 f5 20. exf6 Nxf6 21. Rfd1 Nd5 22. Ne5 Rf5 23. h4 Bxd4 24. Nd3 Bf6 25. Bxf6
Rxf6 26. Nc5 b6 27. Ne4 Rf4 28. f3 c5 29. h5 Bb7 30. Ng5 Re8 31. Kf2 Rf5 32.
Ne4 Rxh5 33. Rxd5 Rxd5 34. Nf6+ 0-1

[Event "24e tournoi de Noël"]
[Site "Montigny le Bretonneux"]
[Date "2025.12.28"]
[Round "3.13"]
[White "Legranger, Thimote"]
[Black "Archet, Jean-Claude"]
[Result "1-0"]
[WhiteElo "1748"]
[BlackElo "1518"]
[Annotator "Rivier,Sylvain"]
[PlyCount "63"]
[EventDate "2025.??.??"]
[WhiteTeam "Cergy Pontoise Echecs"]
[BlackTeam "Club 608 d'Echecs Paris"]

{Défense Caro-Kann} 1. e4 c6 2. Ne2 d5 3. e5 Bg4 4. f3 Bh5 5. Ng3 Bg6 6. d4 e6
7. Nd2 c5 8. c3 Qb6 9. Nb3 cxd4 10. cxd4 Bb4+ 11. Bd2 Nc6 12. Rc1 Nge7 13. Bc3
O-O 14. h4 h6 15. Bd3 Bxd3 16. Qxd3 Rac8 17. Ne2 Na5 18. Nd2 Rc7 19. O-O Rfc8
20. f4 Bxc3 21. bxc3 Nc4 22. Nxc4 Rxc4 23. g4 Qc7 24. Rf3 b5 25. f5 Nc6 26.
fxe6 fxe6 27. Qg6 Qe7 28. Rcf1 Nd8 29. Ng3 R4c7 30. Nh5 Nc6 31. Nf6+ Kf8 32.
Nxd5+ 1-0

[Event "24e tournoi de Noël"]
[Site "Montigny le Bretonneux"]
[Date "2025.12.28"]
[Round "3.14"]
[White "Couradin, Bruno"]
[Black "Abdallaoui, Mohamed Mehdi"]
[Result "0-1"]
[WhiteElo "1517"]
[BlackElo "1721"]
[Annotator "Rivier,Sylvain"]
[PlyCount "68"]
[EventDate "2025.??.??"]
[WhiteTeam "La Dame Noire"]
[BlackTeam "Club d'Echecs de Guyancourt"]

{Défense sicilienne, variante Rossolimo} 1. e4 c5 2. Nf3 d6 3. Bc4 Nf6 4. Nc3
e6 5. d3 a6 6. a4 Be7 7. O-O Nc6 8. h3 b6 9. Re1 Bb7 10. e5 Nd7 11. exd6 Bxd6
12. Ne4 Be7 13. Bf4 Nf6 14. c3 O-O 15. Nxf6+ Bxf6 16. Qd2 Na5 17. Ne5 Bxe5 18.
Rxe5 Nxc4 19. dxc4 Qf6 20. Rg5 Qe7 21. Qe3 f6 22. Rg4 Rad8 23. Re1 e5 24. Bh2
f5 25. Rg5 Rd3 26. Qxd3 Qxg5 27. Qg3 Qd2 28. Qxe5 Be4 29. Ra1 Qxb2 30. Rd1 h6
31. f3 Qe2 32. Qd6 Rf6 33. Qd2 Bxf3 34. gxf3 Rg6+ 0-1

[Event "24e tournoi de Noël"]
[Site "Montigny le Bretonneux"]
[Date "2025.12.28"]
[Round "3.15"]
[White "Julien Maigne, Marius"]
[Black "Goujon, Antoine"]
[Result "0-1"]
[WhiteElo "1299"]
[BlackElo "1709"]
[Annotator "Rivier,Sylvain"]
[PlyCount "54"]
[EventDate "2025.??.??"]
[WhiteTeam "La Dame Noire"]
[BlackTeam "CE Le Roi Soleil - Le Chesnay - Versailles"]

{Gambit dame accepté} 1. d4 Nf6 2. c4 c5 3. e3 cxd4 4. exd4 d5 5. Nc3 Nc6 6.
Nf3 e6 7. Be2 dxc4 8. Bxc4 Bb4 9. O-O O-O 10. a3 Be7 11. Re1 b6 12. d5 Na5 13.
Ba2 exd5 14. Nxd5 Nxd5 15. Bxd5 Bb7 16. Re5 Bf6 17. Rh5 g6 18. Bh6 gxh5 19.
Bxf8 Qxd5 20. Qxd5 Bxd5 21. Rd1 Bxf3 22. gxf3 Kxf8 23. Rd6 Bxb2 24. Rh6 Kg7 25.
Rxh5 Bxa3 26. Rg5+ Kf6 27. f4 Bc1 0-1

[Event "24e tournoi de Noël"]
[Site "Montigny le Bretonneux"]
[Date "2025.12.28"]
[Round "3.16"]
[White "Orfila, Leila"]
[Black "Chakour, Samir"]
[Result "0-1"]
[WhiteElo "1299"]
[BlackElo "1652"]
[Annotator "Rivier,Sylvain"]
[PlyCount "70"]
[EventDate "2025.??.??"]
[WhiteTeam "Club d'Echecs de Guyancourt"]
[BlackTeam "Saint-Quentin en Yvelines"]

{Défense française, variante Winaver} 1. e4 e6 2. d4 d5 3. Nc3 Bb4 4. Nf3 c5
5. Bb5+ Bd7 6. O-O Bxb5 7. Nxb5 Qb6 8. c3 Qxb5 9. cxb4 Qxb4 10. a3 Qb6 11. dxc5
Qxc5 12. Be3 Qb5 13. Rc1 Ne7 14. Rc8+ Nxc8 15. Ne5 Nc6 16. Qh5 Nxe5 17. Qxe5
Ne7 18. Rc1 O-O 19. Bd4 f6 20. Qg3 Rac8 21. Be3 Qxb2 22. Rd1 d4 23. Bh6 Ng6 24.
Bf4 Nxf4 25. Qxf4 e5 26. Qg4 Rc1 27. h3 Rxd1+ 28. Qxd1 Rd8 29. Qg4 d3 30. Qe6+
Kf8 31. Qg4 d2 32. Qd1 Qc1 33. Qxc1 dxc1=Q+ 34. Kh2 Qf4+ 35. g3 Qxf2+ 0-1

[Event "24e tournoi de Noël"]
[Site "Montigny le Bretonneux"]
[Date "2025.12.28"]
[Round "3.17"]
[White "Esch, Lars"]
[Black "Barthere, Gilles"]
[Result "1-0"]
[WhiteElo "1399"]
[BlackElo "1566"]
[Annotator "Rivier,Sylvain"]
[PlyCount "71"]
[EventDate "2025.??.??"]
[BlackTeam "CE Le Roi Soleil - Le Chesnay - Versailles"]

{Défense sicilienne, variante Najdorf} 1. e4 c5 2. Nf3 d6 3. d4 cxd4 4. Nxd4
Nf6 5. Nc3 a6 6. Be2 e5 7. Nb3 Be7 8. O-O O-O 9. Bg5 Nc6 10. Bxf6 Bxf6 11. Nd5
b5 12. a4 Rb8 13. axb5 axb5 14. Qd3 Bg5 15. Rfd1 Be6 16. Ra6 Ne7 17. Rxd6 Qc8
18. Rb6 Nxd5 19. Rxb8 Qxb8 20. exd5 Rd8 21. Qxb5 Qxb5 22. Bxb5 Rxd5 23. Rxd5
Bxd5 24. c4 Be6 25. Nc5 Bc8 26. Bd7 Bxd7 27. Nxd7 f6 28. Kf1 Bd2 29. Ke2 Bb4
30. Kd3 Kf7 31. Nb8 Ke8 32. Ke4 Bc5 33. f3 Kd8 34. Kd5 Bb6 35. c5 Bc7 36. Na6
1-0

[Event "24e tournoi de Noël"]
[Site "Montigny le Bretonneux"]
[Date "2025.12.28"]
[Round "3.18"]
[White "Belladjou, Ismael"]
[Black "Dufrene, Jad"]
[Result "0-1"]
[WhiteElo "1658"]
[BlackElo "1399"]
[Annotator "Rivier,Sylvain"]
[PlyCount "82"]
[EventDate "2025.??.??"]
[WhiteTeam "Club d'Echecs de Guyancourt"]
[BlackTeam "La Dame Noire"]

{Défense Caro Kann, variante d'échange} 1. e4 c6 2. d4 d5 3. exd5 cxd5 4. Nf3
Bf5 5. c4 e6 6. Nc3 Nf6 7. Qb3 Qb6 8. Qxb6 axb6 9. cxd5 exd5 10. Bg5 Nbd7 11.
Ne5 Bb4 12. f3 O-O 13. g4 Be6 14. Nxd7 Nxd7 15. Bd3 Rfc8 16. Bd2 Nb8 17. O-O
Nc6 18. a3 Nxd4 19. Nxd5 Bc5 20. Ne3 Nb3 21. Kf2 Nxd2 22. Rfd1 Bxe3+ 23. Kxe3
Nb3 24. Rab1 g6 25. Be4 Nc5 26. Rbc1 Nxe4 27. Rxc8+ Rxc8 28. Kxe4 Rc2 29. b4
Rxh2 30. Rd6 Ra2 31. Rxb6 Rxa3 32. Rxb7 Kg7 33. b5 Kf6 34. b6 Ra4+ 35. Ke3 Ra3+
36. Kf2 Rxf3+ 37. Ke2 Rb3 38. Rb8 Bd5 39. Kd2 Kg5 40. b7 Rxb7 41. Rxb7 Bxb7 0-1

[Event "24e tournoi de Noël"]
[Site "Montigny le Bretonneux"]
[Date "2025.12.28"]
[Round "3.19"]
[White "Pages, Clement"]
[Black "U'Ren, Gregory"]
[Result "0-1"]
[WhiteElo "1433"]
[BlackElo "1399"]
[Annotator "Rivier,Sylvain"]
[PlyCount "90"]
[EventDate "2025.??.??"]
[WhiteTeam "L'Hay les Roses Echecs et Mat"]
[BlackTeam "ECHECS 78"]

{Défense française, variante d'échange} 1. d4 d5 2. e4 e6 3. Bd3 c6 4. Nf3
Nf6 5. e5 Nfd7 6. O-O c5 7. c3 Be7 8. Be3 c4 9. Be2 O-O 10. Nbd2 a6 11. Re1 b5
12. a3 Bb7 13. Nf1 Nc6 14. Qd2 f6 15. exf6 Nxf6 16. Ng3 Bd6 17. Bf4 Ne4 18.
Nxe4 Bxf4 19. Qc2 dxe4 20. Qxe4 Qe7 21. d5 exd5 22. Qxd5+ Qf7 23. Qd1 Rad8 24.
Qc2 Ne5 25. Nd4 Qg6 26. Qxg6 Nxg6 27. Ne6 Bd2 28. Red1 Rfe8 29. Nxd8 Rxd8 30.
f3 Nf4 31. Bf1 Be3+ 32. Kh1 Rf8 33. Rd7 Bc8 34. Re7 Bc5 35. Rc7 Bb6 36. Re7 Rd8
37. Rae1 Kf8 38. g3 Nd3 39. Bxd3 cxd3 40. R7e5 d2 41. Rd1 Bb7 42. Kg2 Rd3 43.
Rf5+ Ke7 44. Re5+ Kf6 45. Re2 Bxf3+ 0-1

[Event "24e tournoi de Noël"]
[Site "Montigny le Bretonneux"]
[Date "2025.12.28"]
[Round "3.20"]
[White "Boussaid, Kais"]
[Black "Bouloc, Roger"]
[Result "1/2-1/2"]
[WhiteElo "1299"]
[BlackElo "1419"]
[Annotator "Rivier,Sylvain"]
[PlyCount "108"]
[EventDate "2025.??.??"]
[WhiteTeam "La Dame Noire"]
[BlackTeam "La Dame Noire"]

{Défense sicilienne, variante Rossolimo} 1. e4 c5 2. Nf3 Nc6 3. Nc3 e6 4. Bc4
d6 5. d3 Be7 6. Be3 Nf6 7. Qd2 d5 8. e5 dxc4 9. exf6 Bxf6 10. dxc4 Qxd2+ 11.
Bxd2 a6 12. O-O-O O-O 13. Be3 b6 14. Kb1 Bxc3 15. Rd6 Bb7 16. bxc3 Rfd8 17.
Rhd1 Rxd6 18. Rxd6 h6 19. Bf4 Rd8 20. g4 Rxd6 21. Bxd6 Na5 22. Ne5 f6 23. Nd7
Nxc4 24. Bc7 Nd2+ 25. Kb2 Bd5 26. Bxb6 c4 27. a4 Bf3 28. Kc1 Ne4 29. Nc5 Nxf2
30. Nxa6 Nxg4 31. Bg1 Ne5 32. Kd2 Nc6 33. Ke3 Bd5 34. Nb4 Kf7 35. Nxc6 Bxc6 36.
a5 e5 37. a6 Ke6 38. h4 h5 39. a7 Kd6 40. Kf2 Kc7 41. Kg3 Kb7 42. Bc5 Be4 43.
Bf8 g6 44. Bg7 Bxc2 45. Bxf6 e4 46. Bd4 Bd3 47. Kf4 Bc2 48. Kg5 e3 49. Bxe3 Bd3
50. Kf6 Bc2 51. Bb6 Bd3 52. Ke5 Bc2 53. Kd5 Bd3 54. Bc5 Bf1 1/2-1/2

[Event "24e tournoi de Noël"]
[Site "Montigny le Bretonneux"]
[Date "2025.12.28"]
[Round "3.21"]
[White "Naamane, Adem"]
[Black "Orfila, Hugo"]
[Result "1-0"]
[WhiteElo "1299"]
[BlackElo "1413"]
[Annotator "Rivier,Sylvain"]
[PlyCount "79"]
[EventDate "2025.??.??"]
[WhiteTeam "Club d'Echecs de Guyancourt"]
[BlackTeam "Club d'Echecs de Guyancourt"]

{Gambit dame, défense slave} 1. d4 d5 2. c4 c6 3. Nc3 Nf6 4. Nf3 Bf5 5. e3 e6
6. cxd5 cxd5 7. Bd3 Bg6 8. Ne5 Bxd3 9. Qxd3 Bd6 10. Nf3 Bb4 11. Qb5+ Nc6 12.
Qxb7 Rc8 13. O-O Qc7 14. Qxc7 Rxc7 15. Bd2 Ne7 16. Rfc1 Bxc3 17. Bxc3 O-O 18.
Bb4 Rb7 19. Ba3 Re8 20. Rc2 Nf5 21. Rac1 Rbb8 22. Ne5 Ne4 23. Nd7 Ra8 24. Nc5
Nfd6 25. f3 Nf6 26. Na6 Nb5 27. Bb4 h6 28. a4 Na3 29. Bxa3 Rad8 30. Nc7 Rd7 31.
Nxe8 Nxe8 32. Rc8 f6 33. Rxe8+ Kf7 34. Rf8+ Kg6 35. g4 Kh7 36. h4 g6 37. Rcc8
g5 38. Rh8+ Kg7 39. Rcg8+ Kf7 40. Rh7+ 1-0

[Event "24e tournoi de Noël"]
[Site "Montigny le Bretonneux"]
[Date "2025.12.28"]
[Round "3.22"]
[White "Carbonero, Jean Marc"]
[Black "Un, Prathna"]
[Result "0-1"]
[WhiteElo "1399"]
[BlackElo "1399"]
[Annotator "Rivier,Sylvain"]
[PlyCount "104"]
[EventDate "2025.??.??"]
[WhiteTeam "La Dame Noire"]
[BlackTeam "La Dame Noire"]

{Défense Philidor} 1. e4 d6 2. Nf3 e5 3. Bb5+ Nd7 4. O-O c6 5. Ba4 Nc5 6. Bb3
Nxe4 7. d3 Nef6 8. Ng5 Nh6 9. Ne4 Be7 10. Bxh6 gxh6 11. Qf3 Be6 12. Bxe6 fxe6
13. Nbc3 Rf8 14. Qh3 d5 15. Ng3 Qb6 16. Na4 Qb4 17. Nc3 Qxb2 18. Na4 Qxc2 19.
Qxe6 Qxa4 20. Nf5 Qb4 21. a3 Qc5 22. Ng7+ Kd8 23. Nf5 e4 24. Rfc1 Qb6 25. Qxe7+
Kc8 26. Qxf8+ Qd8 27. Ne7+ Kd7 28. Qxd8+ Rxd8 29. Nf5 h5 30. Rd1 Ke6 31. Nd4+
Ke5 32. Nb3 b5 33. g3 Rc8 34. d4+ Kf5 35. Nc5 Rg8 36. f4 h4 37. Kg2 e3 38. Kf3
Ng4 39. h3 Nf2 40. Re1 Nxh3 41. Rxe3 Rxg3+ 42. Ke2 Nxf4+ 43. Kd2 Rg2+ 44. Ke1
Rg1+ 45. Kf2 Rxa1 46. Re5+ Kg4 47. Re1 Rxe1 48. Kxe1 Kg3 49. Kf1 h3 50. Kg1 h2+
51. Kh1 Ne2 52. Ne6 h5 0-1

[Event "24e tournoi de Noël"]
[Site "Montigny le Bretonneux"]
[Date "2025.12.28"]
[Round "4.1"]
[White "Strehse, Nelson"]
[Black "Bielle, Lucas"]
[Result "1-0"]
[WhiteElo "2198"]
[BlackElo "1904"]
[Annotator "Rivier,Sylvain"]
[PlyCount "59"]
[EventDate "2025.??.??"]
[BlackTeam "CE Le Roi Soleil - Le Chesnay - Versailles"]

{Ouverture anglaise} 1. Nf3 d5 2. e3 Nf6 3. c4 e6 4. b3 c5 5. cxd5 exd5 6. Be2
Nc6 7. O-O Be7 8. d4 O-O 9. Ba3 cxd4 10. Nxd4 Ne4 11. Nxc6 bxc6 12. Bxe7 Qxe7
13. Bd3 Nc5 14. Nc3 a5 15. Be2 Ba6 16. Bxa6 Rxa6 17. Rc1 Rb8 18. Qc2 Ne6 19.
Na4 c5 20. Qd3 Rc6 21. Qxd5 Qc7 22. Rc2 c4 23. Rfc1 Rb4 24. Rxc4 Rbxc4 25. Rxc4
Rd6 26. Rxc7 Rxd5 27. Rc8+ Nf8 28. Kf1 g6 29. Ke2 Kg7 30. Rc5 1-0

[Event "24e tournoi de Noël"]
[Site "Montigny le Bretonneux"]
[Date "2025.12.28"]
[Round "4.2"]
[White "El Hamoui, Noah"]
[Black "Klemenz, Luca"]
[Result "0-1"]
[WhiteElo "1517"]
[BlackElo "2085"]
[Annotator "Rivier,Sylvain"]
[PlyCount "76"]
[EventDate "2025.??.??"]
[WhiteTeam "Saint-Quentin en Yvelines"]

{Partie du pion dame} 1. d4 Nf6 2. Nf3 d5 3. Bf4 c5 4. e3 Nc6 5. c3 Qb6 6. Qc2
Nh5 7. Bg3 g6 8. Nbd2 Bg7 9. Be2 O-O 10. Nb3 c4 11. Nbd2 Qd8 12. e4 e6 13. Bh4
Qc7 14. e5 b5 15. g3 f6 16. exf6 Nxf6 17. O-O e5 18. dxe5 Bf5 19. Qd1 Nxe5 20.
Nd4 Bd7 21. Bf3 Nxf3+ 22. N2xf3 Ne4 23. Ng5 Nc5 24. Ngf3 Nd3 25. Qd2 h6 26. Be7
Rf7 27. Ba3 Re8 28. Ne1 Ne5 29. f4 Nc6 30. Nxb5 Qb6+ 31. Nd4 Nxd4 32. cxd4
Bxd4+ 33. Kh1 Bh3 34. Rf3 Bg4 35. Rf1 Re2 36. Qc1 Qe6 37. Nc2 Qe4+ 38. Rf3
Bxf3# 0-1

[Event "24e tournoi de Noël"]
[Site "Montigny le Bretonneux"]
[Date "2025.12.28"]
[Round "4.3"]
[White "Langner, Jasper"]
[Black "Artieres, Michel"]
[Result "1-0"]
[WhiteElo "2052"]
[BlackElo "1808"]
[Annotator "Rivier,Sylvain"]
[PlyCount "71"]
[EventDate "2025.??.??"]
[BlackTeam "La Dame Noire"]

{Défense est-indienne, variante orthodoxe} 1. d4 Nf6 2. c4 d6 3. Nf3 Nbd7 4.
Nc3 e5 5. e4 g6 6. Be2 Bg7 7. O-O O-O 8. Be3 Ng4 9. Bg5 f6 10. Bc1 c6 11. h3
Nh6 12. d5 c5 13. Be3 Nf7 14. Qc2 Nb6 15. Bd3 Bh6 16. Bxh6 Nxh6 17. Qd2 Kg7 18.
a3 Bd7 19. b3 a6 20. Nh2 f5 21. f4 fxe4 22. Nxe4 Bf5 23. fxe5 Bxe4 24. Bxe4
Rxf1+ 25. Rxf1 dxe5 26. Qe3 Nd7 27. d6 Rb8 28. Qf3 Nf6 29. Rd1 b5 30. d7 bxc4
31. bxc4 Nf7 32. Ng4 Rb6 33. Bc6 h5 34. Nxf6 Qxf6 35. Qxf6+ Kxf6 36. Rf1+ 1-0

[Event "24e tournoi de Noël"]
[Site "Montigny le Bretonneux"]
[Date "2025.12.28"]
[Round "4.4"]
[White "Arutyunov, Mikael"]
[Black "Kunne, Ronald"]
[Result "1-0"]
[WhiteElo "1791"]
[BlackElo "1853"]
[Annotator "Rivier,Sylvain"]
[PlyCount "101"]
[EventDate "2025.??.??"]
[WhiteTeam "Tours et Detours Club d'Echecs Centre Brie"]
[BlackTeam "Club d'Echecs d'Orsay"]

{Partie du pion dame} 1. d4 d5 2. Nf3 Nf6 3. Bf4 c5 4. e3 Nc6 5. c3 Qb6 6. Qc2
Bf5 7. dxc5 Bxc2 8. cxb6 axb6 9. Na3 Bg6 10. Nb5 Rc8 11. Rd1 e6 12. Nbd4 Be7
13. h3 O-O 14. Bb5 Na5 15. Ne5 Rfd8 16. Nxg6 hxg6 17. O-O Ne4 18. f3 Nd6 19.
Bd3 Nac4 20. b3 Nb2 21. Rd2 Nxd3 22. Rxd3 Rc5 23. Rc1 Rdc8 24. a4 Nf5 25. Nxf5
gxf5 26. e4 fxe4 27. fxe4 Rd8 28. exd5 Rcxd5 29. Rxd5 Rxd5 30. Kh2 e5 31. Re1
f6 32. Be3 Rd3 33. Bxb6 Rxc3 34. Re3 Rxe3 35. Bxe3 Bb4 36. g4 g5 37. Kg2 Kf7
38. Kf3 Ke6 39. Ke4 Bd6 40. Bd2 Bc5 41. b4 Bd6 42. a5 Bc7 43. b5 Kd6 44. Bb4+
Kd7 45. Kf5 Bd8 46. a6 bxa6 47. bxa6 Kc6 48. a7 Kb7 49. Bc5 Ka8 50. Ke6 e4 51.
Kf5 1-0

[Event "24e tournoi de Noël"]
[Site "Montigny le Bretonneux"]
[Date "2025.12.28"]
[Round "4.5"]
[White "Payot, Guillaume"]
[Black "Imbert, Nicolas"]
[Result "1-0"]
[WhiteElo "1781"]
[BlackElo "1732"]
[Annotator "Rivier,Sylvain"]
[PlyCount "73"]
[EventDate "2025.??.??"]
[WhiteTeam "CE Le Roi Soleil - Le Chesnay - Versailles"]
[BlackTeam "Saint-Quentin en Yvelines"]

{Ouverture du pion dame} 1. d4 d6 2. c4 e5 3. d5 f5 4. Nc3 Nf6 5. f3 Be7 6. e4
O-O 7. Bd3 fxe4 8. Bxe4 Nxe4 9. Nxe4 Bf5 10. Qe2 Bxe4 11. fxe4 Bg5 12. Nf3 Bxc1
13. Rxc1 Nd7 14. b4 a5 15. a3 axb4 16. axb4 Ra4 17. Rb1 Qa8 18. O-O h6 19. Rfc1
Qa7+ 20. Kh1 Ra2 21. Rb2 Ra8 22. h3 Rxb2 23. Qxb2 Qe3 24. Re1 Qa3 25. Qd2 Qa2
26. Qc1 b6 27. c5 bxc5 28. bxc5 dxc5 29. Nh4 Qf2 30. Nf5 Ra2 31. Rg1 Nf6 32.
Qb1 Qb2 33. Qe1 Qc2 34. Qg3 Nh5 35. Qxe5 Kh7 36. Nxg7 Qxe4 37. Qxe4+ 1-0

[Event "24e tournoi de Noël"]
[Site "Montigny le Bretonneux"]
[Date "2025.12.28"]
[Round "4.6"]
[White "Goujon, Antoine"]
[Black "Appavou, Calixte"]
[Result "1/2-1/2"]
[WhiteElo "1709"]
[BlackElo "1804"]
[Annotator "Rivier,Sylvain"]
[PlyCount "88"]
[EventDate "2025.??.??"]
[WhiteTeam "CE Le Roi Soleil - Le Chesnay - Versailles"]
[BlackTeam "Saint-Quentin en Yvelines"]

{Partie du pion dame} 1. d4 d5 2. Nc3 Bf5 3. Bf4 c6 4. e3 e6 5. Nf3 Nf6 6. Ne5
Nbd7 7. g4 Bg6 8. h4 h6 9. Nxg6 fxg6 10. Bd3 Kf7 11. Qf3 Kg8 12. Bxg6 Bb4 13.
O-O Nf8 14. Bd3 Be7 15. Rad1 N6h7 16. h5 Bd6 17. Ne2 Ng5 18. Qg3 Be7 19. Bxg5
hxg5 20. f4 Bd6 21. Qf3 gxf4 22. Kg2 Nh7 23. Bxh7+ Rxh7 24. Nxf4 Bxf4 25. Qxf4
Qe7 26. Rf3 Rh6 27. Rdf1 Rf6 28. Qg5 Rf7 29. Qxe7 Rxe7 30. Kg3 Rae8 31. g5 e5
32. g6 exd4 33. exd4 Re3 34. c3 Rxf3+ 35. Rxf3 Re2 36. Rf2 Re7 37. Kg4 b6 38.
Kg5 c5 39. Rf5 Rd7 40. h6 gxh6+ 41. Kxh6 c4 42. Re5 Kf8 43. Rf5+ Kg8 44. Re5
Kf8 1/2-1/2

[Event "24e tournoi de Noël"]
[Site "Montigny le Bretonneux"]
[Date "2025.12.28"]
[Round "4.7"]
[White "Corbillet, Mathieu"]
[Black "Neveu, Raphael"]
[Result "1/2-1/2"]
[WhiteElo "1679"]
[BlackElo "1785"]
[Annotator "Rivier,Sylvain"]
[PlyCount "27"]
[EventDate "2025.??.??"]
[WhiteTeam "La Dame Noire"]
[BlackTeam "La Dame Noire"]

{Ouverture du pion roi} 1. e4 h5 2. d4 d6 3. f4 Kd7 4. Kd2 Kc6 5. Ke3 Bg4 6.
d5+ Kc5 7. Be2 Bxe2 8. Qxe2 Kb4 9. h4 e5 10. g4 Qxh4 11. Rxh4 hxg4 12. Qc4+ Ka5
13. Qa4+ Kxa4 14. Nd2 1/2-1/2